Datum a čas kvízu
34.5
Celkem bodů
Celkový počet nahraných bodů na tomto kvízu bez doplňovacích otázek.
4.
Pořadí na kvízu
Konečné umístění týmu na tomto kvízu.
Zaznamenané odpovědi
| # | Otázka | Odpověď | Body | Výsledky |
|---|---|---|---|---|
| 1. | Velmi zvláštní oznámení řešili... | (bílého) klokana | 0 | |
| 2. | Polský prezident přijal gratu... | Andrzej Duda, António Guterres | 1 | |
| 3. | Jak se nazývá pražské muzeum,... | Museum Kampa | 1 | |
| 4. | Společnost Huawei se dohodla s... | Seznam.cz | 1 | |
| 5. | Univerzita v Manchesteru udělí... | Marcus Rashford | 1 | |
| 6. | Putování po našich dálnicích n... | Český Šternberk | 1 | |
| 7. | Na D1 ještě zůstaneme. Již od... | U Rybiček | 0 | |
| 8. | Když pojedeme po D8, nemůžeme... | V tomto roce zde byl vyzvednut základní kámen pro stavbu Národního divadla. | 0 | |
| 9. | Po dálnici D10 se dostaneme až... | Kopicův statek | 0 | |
| 10. | Přiřaďte následující zajímavá... | 1B 2D 3A 4C | 1 |